| 000 | 00369pab a2200133 454500 | ||
|---|---|---|---|
| 008 | 180718b xxu||||| |||| 00| 0 eng d | ||
| 100 | _aSabir Ali | ||
| 245 | _aGrowing infrastructural problems of Delhi | ||
| 362 | _a38(11), 30 Jun 1994, p.22-25 | ||
| 650 | _a Slums -- India -- Delhi | ||
| 650 | _aCities and Towns -- India -- Delhi | ||
| 773 | _aYojana | ||
| 909 | _a27172 | ||
| 999 |
_c27172 _d27172 |
||